000 00315nam a2200133Ia 4500
008 230917s9999||||xx |||||||||||||| ||und||
040 _e97108
_aMAIN
041 _aEnglish
082 _a380 S61C
100 _aSuman, Shushma
245 0 _aConsumer behaviour towards refrigerators
300 _a136 p.
942 _cTH
999 _c89041
_d89041